El Brasil filipino: 60 años de presencia española en Brasil 1580-1640
Enregistré dans:
| Auteur principal: | |
|---|---|
| Format: | Livre |
| Langue: | espagnol |
| Publié: |
Madrid, España
Mapfra
1993
|
| Collection: | Colección Realidades Americanas,
15 |
| Sujets: | |
| Tags: |
Ajouter un tag
Pas de tags, Soyez le premier à ajouter un tag!
|
MARC
| LEADER | 00000nam a2200000 a 4500 | ||
|---|---|---|---|
| 001 | UCR5865 | ||
| 003 | CL-VaPUC | ||
| 005 | 20210813001816.0 | ||
| 008 | 980403e19930000SP |||||||||||||||||spa|d | ||
| 999 | |c 268213 |d 268211 | ||
| 040 | |c Pontificia Universidad Católica de Valparaíso | ||
| 082 | 0 | 4 | |a 981 DOS 1993 |2 21 |
| 100 | 0 | |a Dos Santos, Ricardo Evaristo |e author |9 406769 | |
| 245 | 1 | 3 | |a El Brasil filipino: |b 60 años de presencia española en Brasil 1580-1640 |
| 260 | |a Madrid, España |b Mapfra |c 1993 | ||
| 300 | |a 263 páginas | ||
| 490 | 0 | |a Colección Realidades Americanas, |v 15 | |
| 583 | |a last modification |c 19980403 00:00:00 |k Rodrigo Vera | ||
| 650 | 0 | |a Monarquía |9 255259 | |
| 650 | 0 | |a Historia |9 255047 | |
| 650 | 0 | |a Cultura |y SIGLOS 16-17 |z BRASIL |z ESPAÑA |9 269059 | |
| 852 | |a BIBCUR | ||
| 942 | |c BK |2 ddc | ||
| 945 | |d 19980403 00:00:00 |a rbrito | ||
| 952 | |0 0 |1 0 |2 ddc |4 0 |6 981_000000000000000_DOS_1993 |7 0 |8 A |9 301181 |a BIBHIS |b BIBHIS |d 2019-11-20 |i 3396614 |l 1 |o 981 DOS 1993 |p 3396614 |r 2025-01-20 |s 2022-05-24 |t 1 |w 2019-11-20 |y BK |k HIS | ||